000 00572nam a2200205Ia 4500
003 GCL
005 20240530103616.0
008 140319s9999 xx 000 0 ara d
040 _aGCL /
_cGCL
082 0 4 _a812.041
_bن ر
100 0 _aنجيب الريحانى
245 1 0 _aريا وسكينة /
_cنجيب الريحانى
300 _a28 ص
490 _aكتابات معاصرة
_v0
650 0 4 _aالادب العربى
650 0 4 _aتاريخ ونقد
650 0 4 _aالمسرحيات العربية
700 1 _aبديع خيرى
942 _2ddc
_cBK
999 _c41127
_d41127